Southville International School and Colleges
Your cart is empty.
  • Cart
  • Lists
    Public lists Eva Luna New books Lux_list list_1
    Your lists Log in to create your own lists
  • Log in to your account
  • Your cookies
  • Search history
Southville International School and Colleges
  • Advanced search
  • Recent comments
  • Most popular
  • Libraries

Log in to your account

Log in with GOOGLE


If you do not have an external account, but do have a local account, you can still log in:

  1. Home
  2. MARC view: Bayanihan, the National Folk Dance Company of the Philippines :
Normal view MARC view ISBD view

Bayanihan, the National Folk Dance Company of the Philippines : (Record no. 18829)

[ view plain ]
MARC details
000 -LEADER
fixed length control field 00581nam a22001817a 4500
003 - CONTROL NUMBER IDENTIFIER
control field OSt
005 - DATE AND TIME OF LATEST TRANSACTION
control field 20140310183109.0
008 - FIXED-LENGTH DATA ELEMENTS--GENERAL INFORMATION
fixed length control field 130305t xxu||||| |||| 00| 0 eng d
020 ## - INTERNATIONAL STANDARD BOOK NUMBER
International Standard Book Number 9712714802
050 ## - LIBRARY OF CONGRESS CALL NUMBER
Classification number GV 1743.P5
Item number .Sa36 2004
100 ## - MAIN ENTRY--PERSONAL NAME
Personal name Santos, Isabel A.
245 ## - TITLE STATEMENT
Title Bayanihan, the National Folk Dance Company of the Philippines :
Remainder of title a memory of six continents /
Statement of responsibility, etc Isabel A. Santos ; edited by Priscilla G. Cabanatan
260 ## - PUBLICATION, DISTRIBUTION, ETC. (IMPRINT)
Place of publication, distribution, etc Manila :
Name of publisher, distributor, etc Anvil,
Date of publication, distribution, etc 2004.
300 ## - PHYSICAL DESCRIPTION
Extent 210 p. :
Other physical details ill. (some col.) ;
Dimensions 23 cm.
562 ## - COPY AND VERSION IDENTIFICATION NOTE
Number of copies 1
942 ## - ADDED ENTRY ELEMENTS (KOHA)
Source of classification or shelving scheme Library of Congress Classification
Koha item type Books
Call number prefix Rare Filipiniana
Holdings
Withdrawn status Lost status Source of classification or shelving scheme Damaged status Home library Current library Shelving location Date acquired Total Checkouts Full call number Barcode Date last seen Copy number Price effective from Koha item type
    Library of Congress Classification   College Library College Library Filipiniana Section 03/05/2013   GV 1743.P5 .Sa36 2004 C15005 05/08/2018 1 03/05/2013 Books

Bayanihan, the National Folk Dance Company of the Philippines :

APA

Santos I. A., . (2004). Bayanihan, the National Folk Dance Company of the Philippines. Manila: Anvil.

Chicago

Santos Isabel A, . 2004. Bayanihan, the National Folk Dance Company of the Philippines. Manila: Anvil.

Harvard

Santos I. A., . (2004). Bayanihan, the National Folk Dance Company of the Philippines. Manila: Anvil.

MLA

Santos Isabel A, . Bayanihan, the National Folk Dance Company of the Philippines. Manila: Anvil. 2004.

  • Place hold
  • Print
  • Cite
  • Add to your cart (remove)
  • Save record
    BIBTEX Dublin Core MARCXML MARC (non-Unicode/MARC-8) MARC (Unicode/UTF-8) MARC (Unicode/UTF-8, Standard) MODS (XML) RIS
  • More searches
    Search for this title in:
    Other Libraries (WorldCat) Other Databases (Google Scholar) Online Stores (Bookfinder.com) Open Library (openlibrary.org)

Exporting to Dublin Core...

SOUTHVILLE LIBRARY

Southville International School and Colleges Library

1281 Tropical Ave. Cor. Luxembourg St., BF Homes International, Las Pinas City

Tel. No. 8256374 / 252358 Loc. 117/146

Powered by Koha